<?xml version="1.0" encoding="UTF-8"?><?xml-stylesheet type="text/xsl" href="static/style.xsl"?><OAI-PMH xmlns="http://www.openarchives.org/OAI/2.0/" xmlns:xsi="http://www.w3.org/2001/XMLSchema-instance" xsi:schemaLocation="http://www.openarchives.org/OAI/2.0/ http://www.openarchives.org/OAI/2.0/OAI-PMH.xsd"><responseDate>2026-06-05T12:52:48Z</responseDate><request verb="GetRecord" identifier="oai:riuma.uma.es:10630/2684" metadataPrefix="marc">https://riuma.uma.es/rest/oai/request</request><GetRecord><record><header><identifier>oai:riuma.uma.es:10630/2684</identifier><datestamp>2026-02-03T12:36:58Z</datestamp><setSpec>com_10630_2254</setSpec><setSpec>col_10630_37957</setSpec></header><metadata><record xmlns="http://www.loc.gov/MARC21/slim" xmlns:dcterms="http://purl.org/dc/terms/" xmlns:doc="http://www.lyncode.com/xoai" xmlns:xsi="http://www.w3.org/2001/XMLSchema-instance" xsi:schemaLocation="http://www.loc.gov/MARC21/slim http://www.loc.gov/standards/marcxml/schema/MARC21slim.xsd">
   <leader>00925njm 22002777a 4500</leader>
   <datafield ind2=" " ind1=" " tag="042">
      <subfield code="a">dc</subfield>
   </datafield>
   <datafield ind2=" " ind1=" " tag="720">
      <subfield code="a">Planchuelo-Medina, Lina</subfield>
      <subfield code="e">author</subfield>
   </datafield>
   <datafield ind2=" " ind1=" " tag="260">
      <subfield code="c">2008</subfield>
   </datafield>
   <datafield ind2=" " ind1=" " tag="520">
      <subfield code="a">El objetivo de esta tesis doctoral es diseñar un programa de Educación Física para el fomento del desarrollo moral. Esta tesis se fundamenta en las Teorías del desarrollo evolutivo de Piaget (1935) y Kholberg (1992). El diseño de esta investigación es, desde la lógica experimental, cuasi  experimental de medidas repetidas, con fase pretest, intervención y postest. Desde la metodología observacional, es un diseño Nomotético, Seguimiento, Multidimensional. La didáctica empleada en los grupos experimentales está basada en estrategias propias del desarrollo estructural, (discusión de dilemas morales, diálogos, búsqueda de acuerdos). Además cada curso experimental presenta un Tipo de Tarea distinta (psicomotrices, de cooperación o de cooperación  oposición). La muestra está formada por alumnado de entre 8 y 11 años de edad. Se ha elaborado un instrumento ad hoc, un sistema mixto de formatos de campo y sistemas de categorías. Otros instrumentos elaborados han sido el Cuestionario de Desarrollo Moral del alumnado (CDEM), el Cuestionario del profesorado, la programación de actividades y el Diario de la profesora. Los resultados indican que existe un aumento significativo de los grupos experimentales. Las hipótesis de partida se confirman existiendo una mayor frecuencia de Conductas Positivas en el curso de Cooperación  Oposición.</subfield>
   </datafield>
   <datafield ind1="8" ind2=" " tag="024">
      <subfield code="a">9788497475518</subfield>
   </datafield>
   <datafield ind1="8" ind2=" " tag="024">
      <subfield code="a">http://hdl.handle.net/10630/2684</subfield>
   </datafield>
   <datafield tag="653" ind2=" " ind1=" ">
      <subfield code="a">Educación moral - Evaluación - Tesis doctorales</subfield>
   </datafield>
   <datafield tag="653" ind2=" " ind1=" ">
      <subfield code="a">Educación física - Estudio y enseñanza secundaria - Tesis doctorales</subfield>
   </datafield>
   <datafield ind2="0" ind1="0" tag="245">
      <subfield code="a">Intervención y evaluación del desarrollo moral en la educación física en primaria</subfield>
   </datafield>
</record>
</metadata></record></GetRecord></OAI-PMH>